LEADER 01185nam2-2200421---450- 001 990006036520203316 005 20150511093159.0 010 $a88-7916-083-4 035 $a000603652 035 $aUSA01000603652 035 $a(ALEPH)000603652USA01 035 $a000603652 100 $a20150511d1997----km-y0itay50------ba 101 $afre$aita 102 $aIT 105 $a||||||||001yy 200 1 $a<<3. :>> Seicento$fa cura di Giorgetto Giorgi$gschede di Chiara Elefante ... [et al.] 210 $aMilano$cLED$d1997 215 $a349 p.$d24 cm 225 2 $a<> antologie 410 0$12001$a<> antologie 454 1$12001 461 1$1001000603650$12001 606 0 $aLetteratura francese$xAntologie 676 $a840.8 702 1$aCAMPAGNOLI,$bRuggero 702 $aGIORGI,$bGiorgetto 702 $aELEFANTE,$bChiara 801 0$aIT$bsalbc$gISBD 912 $a990006036520203316 951 $aII.4.D.23/3$b598 DIPSUM 959 $aBK 969 $aDSLL 979 $aMARANO$b90$c20150511$lUSA01$h0922 979 $aMARANO$b90$c20150511$lUSA01$h0928 979 $aMARANO$b90$c20150511$lUSA01$h0932 996 $aSeicento$984086 997 $aUNISA LEADER 00896nam a2200241 i 4500 001 991002585989707536 008 140915s2014 it 000 0 ita d 020 $a9788870757767 035 $ab14198927-39ule_inst 040 $aBibl. Interfacoltà T. Pellegrino$bita 082 04$a070 100 1 $aSelmi, Alessandra$0480075 245 10$aE così vuoi lavorare nell'editoria :$bi dolori di un giovane editor /$cAlessandra Selmi 260 $aMilano :$bEditrice Bibliografica,$c2014 300 $a125 p. ;$c17 cm 440 2$aI libri di Wuz 650 4$aEditoria 907 $a.b14198927$b15-09-14$c15-09-14 912 $a991002585989707536 945 $aLE002 Bibl. Ris. 595/005$g1$i2002001001015$lle002$op$pE9.90$q-$rn$so $t0$u0$v0$w0$x0$y.i15632386$z15-09-14 996 $aE così vuoi lavorare nell'editoria$9258369 997 $aUNISALENTO 998 $ale002$b15-09-14$cm$da $e-$fita$git $h0$i0